Dibble sticks, donkeys, and diesels Machine in crop production
The book provides the readers with information needed to weigh the advantages and disadvantages of specific of machines
Sparad:
| Huvudupphovsman: | |
|---|---|
| Materialtyp: | Bok |
| Språk: | Undetermined |
| Publicerad: |
Manila, Philippines
IRRI
1990
|
| Ämnen: | |
| Taggar: |
Lägg till en tagg
Inga taggar, Lägg till första taggen!
|
| Thư viện lưu trữ: | Trung tâm Học liệu Trường Đại học Cần Thơ |
|---|
| LEADER | 00678nam a2200205Ia 4500 | ||
|---|---|---|---|
| 001 | CTU_17539 | ||
| 008 | 210402s9999 xx 000 0 und d | ||
| 082 | |a 631.3 | ||
| 082 | |b C187 | ||
| 100 | |a Joseph K Campbell | ||
| 245 | 0 | |a Dibble sticks, donkeys, and diesels | |
| 245 | 0 | |b Machine in crop production | |
| 245 | 0 | |c Joseph K Campbell, IRRI | |
| 260 | |a Manila, Philippines | ||
| 260 | |b IRRI | ||
| 260 | |c 1990 | ||
| 520 | |a The book provides the readers with information needed to weigh the advantages and disadvantages of specific of machines | ||
| 650 | |a agricultural machinery | ||
| 904 | |i Minh, 970729 | ||
| 980 | |a Trung tâm Học liệu Trường Đại học Cần Thơ | ||